000 01002nam0a22002531 4500
001 rc\997729
005 20250622072223.0
035 _a(NLR Aleph) 006164460
090 _a5898198
_c5898198
100 _a20041129d1981 |||y0rusy50 ca
101 0 _arus
102 _aRU
105 _aa |||||||||
200 1 _aАвтоматические схемы регулирования современных конденсационных турбин ТЭС
_eКонспект лекций
210 _aМ.
_cБ. и.
_d1981
215 _a44 с.
_cил.
_d20
300 _aВ надзаг.: М-во энергетики и электрификации СССР, Всесоюз. ин-т повышения квалификации руководящих работников и специалистов
320 _aБиблиогр.: с. 43 (7 назв.)
700 1 _aЛыско
_bВ.В.
801 0 _aRU
_bNLR
_gpsbo
801 1 _aRU
_bELAR
_2rusmarc
852 _aNLR
_j82-4/10090
942 _cBOOK
980 _aNB